I sekretarze KC PZPR - Statystyki

Ogólne statystyki
  • Ten quiz został rozwiązany 222 razy
  • Średni wynik to 5 z 7
Statystyki odpowiedzi
Okres sprawowania urzędu I sekretarz KC PZPR % Poprawnych
18.10.1981–29.07.1989 Wojciech Jaruzelski
99%
20.12.1970–06.09.1980 Edward Gierek
98%
22.12.1948–12.03.1956 Bolesław Bierut
95%
21.10.1956–20.12.1970 Władysław "Wiesław" Gomułka
95%
06.09.1980–18.10.1981 Stanisław Kania
61%
20.03.1956–21.10.1956 Edward Ochab
54%
29.07.1989–29.01.1990 Mieczysław Rakowski
39%
Nie znaleziono quizów pasujących do podanych kryteriów
Rozkład punktacji
Procent ludzi z każdym wynikiem
Percentyl według liczby udzielonych odpowiedzi
Twoja historia wyników
Nie rozwiązałeś tego quizu